000 00848nam0a22003011 4500
001 RU\NLR\A1SV\39961
005 20251203171251.9
035 _a(NLR Aleph) 009722292
090 _a9877848
_c9877848
100 _a20120307d1923 u y0rusy50 ca
101 0 _arus
102 _aRU
200 1 _aПоследние стихи
_fП.Соловьева (Allegro)
210 _aМ.
_cГос. изд.
_d1923
215 _a32, [1] с.
_cил.
_d22 см
620 _dМосква
700 1 _6z01790
_aСоловьева
_bП.С.
_f1867-1924
_gПоликсена Сергеевна
790 1 _6z01700
_aAllegro
801 0 _aRU
_bNLR
_c20120307
852 _aNLR
_j37.61.2.112
852 _aNLR
_jЛ 30 В-8/18
852 _aNLR
_jМф К-1/1590
899 _aРГБ
899 _aНБ РК
942 _cBOOK
980 _aNB
980 _aA1SV